000 00307nam a22001337a 4500
008 170502b xxu||||| |||| 00| 0 eng d
020 _a9780137025848
041 _aeng
080 _24TH
_a343,9
100 _a14
101 _aSHJ
245 _aCANADIAN CRIMINOLOGY TODAY
_cSCHMALLEGER, F
942 _2udc
_cBK
999 _c12394
_d12394